[Event "Spring op"]
[Site "Budapest"]
[Date "1989.??.??"]
[Round "?"]
[White "Sher, Miron N"]
[Black "Dragomarezkij, Evgeni"]
[Result "1-0"]
[WhiteElo "2460"]
[BlackElo "2325"]

1.c4 e5 2.g3 Nc6 3.Bg2 d6 4.Nc3 Be6 5.d3 Qd7 6.Rb1 g6 7.b4 Bg7 8.b5 Nd8 9.a4 Ne7
10.Nd5 O-O 11.e4 f5 12.Ne2 c6 13.Nxe7+ Qxe7 14.exf5 Bxf5 15.O-O Qd7 16.Nc3 Bg4
17.Qd2 Bf3 18.Ba3 Bxg2 19.Kxg2 Rf5 20.Ne4 Bf8 21.Qa2 Ne6 22.Bc1 Be7 23.a5 a6
24.bxc6 bxc6 25.Rb6 Bd8 26.Rb2 Bc7 27.Be3 d5 28.Nc5 Nxc5 29.Bxc5 Rh5 30.f3 e4
31.cxd5 Qxd5 32.d4 Qxa2 33.Rxa2 exf3+ 34.Rxf3 Rd5 35.Re3 Bd6 36.Bb6 c5 37.dxc5 Bxc5
38.Bxc5 Rxc5 39.Re7 Rac8 40.Ra7 Rc2+ 41.Rxc2 Rxc2+ 42.Kh3 Rc6 43.Kg4 Rc4+
44.Kf3  1-0

[Event "Elekes mem"]
[Site "Budapest"]
[Date "1989.??.??"]
[Round "?"]
[White "Sher, Miron N"]
[Black "Tseitlin, Mikhail S"]
[Result "1-0"]
[WhiteElo "2460"]
[BlackElo "2460"]

1.c4 e5 2.g3 f5 3.d4 d6 4.Nc3 Nf6 5.dxe5 dxe5 6.Qxd8+ Kxd8 7.Bg5 c6 8.Nf3 Bd6
9.O-O-O Ke7 10.Bh3 Rd8 11.e4 h6 12.Bxf6+ Kxf6 13.Nxe5 Kxe5 14.f4+ Ke6 15.c5 Bxf4+
16.gxf4 Rxd1+ 17.Rxd1 Na6 18.exf5+ Ke7 19.Ne4 Nb4 20.Nd6 Kf8 21.Nxc8 Rxc8
22.f6 Rc7 23.Rd8+ Kf7 24.fxg7 Kxg7 25.Rd4 Nd5 26.Be6 Kf6 27.Bxd5 Rd7 28.Kd2 cxd5
29.Kd3 Kf5 30.Ra4 a6 31.Rb4 h5 32.Kd4 h4 33.Rb3 Kxf4 34.Rh3 Kg4 35.Re3 Kf4
36.Rb3 Kg4 37.Ke5 h3 38.Ke6 Rd8 39.Rxb7 d4 40.c6 d3 41.c7 Rc8 42.Kd7 d2 43.Rb4+ Kf3
44.Rd4 Ke3 45.Rd6 Rh8 46.c8=Q Rxc8 47.Kxc8 a5 48.b3 Ke2 49.a3 d1=Q 50.Rxd1 Kxd1
51.b4 axb4 52.axb4  1-0

[Event "Cappelle op"]
[Site "Cappelle"]
[Date "1989.??.??"]
[Round "?"]
[White "Jadoul, Michel"]
[Black "Rashkovsky, Nukhim N"]
[Result "1/2-1/2"]
[WhiteElo "2395"]
[BlackElo "2520"]

1.c4 e5 2.g3 Nc6 3.Bg2 g6 4.Nc3 Bg7 5.Rb1 a5 6.a3 h5 7.h4 d6 8.b4 axb4 9.axb4 Nh6
10.d3 O-O 11.Bd2 Nd4 12.Qc1 Ng4 13.Nh3 c6 14.b5 Bd7 15.Ng5 Qe7 16.O-O f6
17.Nge4 f5 18.Bg5 Qe6 19.e3 fxe4 20.exd4 exd4 21.Nxe4 Ne5 22.bxc6 Bxc6 23.Rb3 b5
24.Re1 bxc4 25.dxc4 Qd7 26.Bf4 Rae8  1/2-1/2

[Event "Cappelle op"]
[Site "Cappelle"]
[Date "1989.??.??"]
[Round "?"]
[White "Jadoul, Michel"]
[Black "Dimitrov, Z."]
[Result "1-0"]
[WhiteElo "2395"]
[BlackElo "2255"]

1.c4 e5 2.g3 Nf6 3.Bg2 c5 4.Nc3 Nc6 5.a3 Be7 6.e3 d6 7.Nge2 Be6 8.Nd5 Qd7
9.Qa4 O-O 10.b4 cxb4 11.axb4 Bxd5 12.cxd5 Nb8 13.Qb3 Na6 14.Nc3 Rfc8 15.O-O Rc7
16.Ba3 Rac8 17.b5 Nc5 18.Bxc5 dxc5 19.Rxa7 b6 20.Rxc7 Rxc7 21.Ra1 Ra7 22.Ra6 Rxa6
23.bxa6 Qa7 24.Qa4 e4 25.d6 Bd8 26.Bxe4 b5 27.Nxb5 Qb6 28.a7 Nxe4  1-0

[Event "Cheliabinsk"]
[Site "Cheliabinsk"]
[Date "1989.??.??"]
[Round "?"]
[White "Nikolic, Nebojsa"]
[Black "Dvoirys, Semen I"]
[Result "0-1"]
[WhiteElo "2390"]
[BlackElo "2520"]

1.c4 e5 2.g3 Nc6 3.Bg2 g6 4.Nc3 Bg7 5.e3 Nf6 6.Nge2 O-O 7.O-O d6 8.d4 Bd7
9.h3 Qc8 10.Kh2 a6 11.b3 Rb8 12.Nd5 b5 13.Ba3 bxc4 14.bxc4 exd4 15.Nxf6+ Bxf6
16.Nxd4 Nxd4 17.exd4 c5 18.dxc5 Bxa1 19.Qxa1 dxc5 20.Bc1 f6 21.Re1 Bc6 22.Bxc6 Qxc6
23.Be3 Rfe8 24.Qc3 Rbd8 25.Rb1 Qe4 26.Qb2 Rd7 27.Bxc5 Qxc4 28.Rc1 Qe6 29.Be3 Qf7
30.a3 Qd5 31.h4 Rb7 32.Qe2 a5 33.Rd1 Qc6 34.Qd2 a4 35.Qd4 Re4 36.Qd2 Rc4
37.Bh6 Kf7 38.Qd8 Re7 39.Qf8+ Ke6 40.Qg8+ Kf5 41.Qd8 Re2 42.Qd3+ Qe4 43.Qd7+ Qe6
44.Rd5+ Kg4 45.Rd4+ Rxd4 46.Qxd4+ Kh5 47.Be3 Qxe3 48.Qxe3 Rxe3 49.fxe3 Kg4
50.Kg2 Kf5 51.Kf3 Ke5 52.g4 f5 53.gxf5 gxf5 54.h5 h6 55.Ke2 Kf6 56.Kd3 Kg5
57.Kc4 Kxh5 58.Kb4 Kg4 59.Kxa4 h5 60.Kb4 h4  0-1

[Event "Copenhagen Obro op"]
[Site "Copenhagen"]
[Date "1989.??.??"]
[Round "9"]
[White "Sorensen, Torben"]
[Black "Kruszynski, Wlodzimierz"]
[Result "1/2-1/2"]
[WhiteElo "2345"]
[BlackElo "2345"]

1.c4 e5 2.g3 Nf6 3.Bg2 Nc6 4.Nf3 Bc5 5.Nc3 d6 6.O-O O-O 7.d3 h6 8.Nd5 Bg4
9.h3 Bd7 10.Kh2 Nxd5 11.cxd5 Nd4  1/2-1/2

[Event "DEN-chT8990"]
[Site "DEN"]
[Date "1989.??.??"]
[Round "5"]
[White "Jacobsen, Bo"]
[Black "Andreasen, Per"]
[Result "1-0"]
[WhiteElo "2290"]
[BlackElo "2230"]

1.c4 e5 2.g3 Nc6 3.Bg2 h5 4.h4 Bc5 5.Nc3 d6 6.Na4 Nge7 7.Nh3 f6 8.d3 Bg4
9.a3 a5 10.Nxc5 dxc5 11.b3 O-O 12.O-O Ra6 13.Kh2 Rb6 14.Re1 Qd6 15.Bd2 Rd8
16.Rb1 Be6 17.Bc3 Nf5 18.Ng1 Nh6 19.Nf3 e4 20.dxe4 Qxd1 21.Rexd1 Rxd1 22.Rxd1 Rxb3
23.Ba1 Rxa3 24.e5 Ra2 25.exf6 gxf6 26.Nd2 Ng4+ 27.Kg1 Nd4 28.Bxd4 cxd4 29.Bxb7 a4
30.Ne4 Rxe2 31.f3 Ne3 32.Rxd4 a3 33.Nc3 Rg2+ 34.Kh1 Rc2 35.Rd3 Nf5 36.f4 Bxc4
37.Rf3 Kg7 38.Be4 Rxc3 39.Rxc3 a2 40.Ra3 Nxg3+ 41.Rxg3+ Kf7 42.Ra3 Ke6 43.Kg1 Kd6
44.Ra5 c5 45.Kf2 Kc7 46.Ke3 Kb6 47.Ra4 Kb5 48.Bc2 Be6 49.Kd2 a1=Q 50.Rxa1  1-0

[Event "Dortmund op"]
[Site "Dortmund"]
[Date "1989.??.??"]
[Round "5"]
[White "Ninov, Kiril"]
[Black "Armas, Iulius"]
[Result "1/2-1/2"]
[WhiteElo "2490"]
[BlackElo "2455"]

1.g3 e5 2.c4 Nc6 3.Bg2 g6 4.Nc3 Bg7 5.Rb1 a5 6.Nf3 Nge7 7.O-O d6 8.d3 O-O
9.a3 Bg4 10.b4 axb4 11.axb4 Qd7 12.Re1 h6 13.Qd2  1/2-1/2

[Event "FRA-ch"]
[Site "?"]
[Date "1989.??.??"]
[Round "?"]
[White "Birmingham, Eric"]
[Black "Miralles, Gilles"]
[Result "0-1"]
[WhiteElo "2365"]
[BlackElo "2445"]

1.g3 e5 2.c4 Nf6 3.Bg2 d5 4.cxd5 Nxd5 5.Nc3 Nb6 6.Nf3 Nc6 7.O-O Be7 8.a3 O-O
9.b4 Be6 10.Rb1 f6 11.d3 Qd7 12.Ne4 Nd5 13.Qc2 b6 14.Bb2 a5 15.b5 Na7 16.d4 Nxb5
17.dxe5 Bxa3 18.Rfd1 Be7 19.exf6 gxf6 20.Bc1 c6 21.Qb2 a4 22.Bh6 Rf7 23.Qd2 a3
24.g4 Ra4 25.Qc2 Rxe4 26.Qxe4 Nbc3 27.Qc2 Nxb1 28.Qxb1 Nc3 29.Rxd7 Nxb1 30.Ra7 a2
31.Nd4 Na3 32.Nxe6 a1=Q+ 33.Bf1 Qe5 34.Ra8+ Rf8 35.Bxf8 Kf7 36.Ra7 Qxe6 37.Rxe7+ Qxe7
38.Bxe7 Kxe7 39.Bg2 c5 40.Kf1 b5 41.Ke1 c4 42.Kd2 b4 43.Bd5 Kd6 44.Bg8 Kc5
45.Bxh7 b3 46.Kc3 Nb5+ 47.Kb2 Kb4 48.h4 c3+ 49.Kb1 Na3+ 50.Ka1 c2 51.Bxc2 Nxc2+
52.Kb2 Na3 53.g5 Nc4+  0-1

[Event "FRA-ch"]
[Site "?"]
[Date "1989.??.??"]
[Round "?"]
[White "Birmingham, Eric"]
[Black "Apicella, Manuel"]
[Result "1-0"]
[WhiteElo "2365"]
[BlackElo "2395"]

1.g3 e5 2.c4 Nf6 3.Bg2 d5 4.cxd5 Nxd5 5.Nc3 Be6 6.Nf3 Nc6 7.O-O Be7 8.d4 Nxc3
9.bxc3 e4 10.Nd2 f5 11.e3 O-O 12.c4 Nb4 13.Bb2 c6 14.Bc3 Rb8 15.Qa4 a5 16.c5 Nd5
17.Bxa5 Qe8 18.Nc4 h5 19.Qc2 h4 20.f3 hxg3 21.fxe4 Qh5 22.hxg3 fxe4 23.Qxe4 Bh3
24.Bxh3 Qxh3 25.Qg2 Qh6 26.Bd2 Bg5 27.Rae1 Rxf1+ 28.Qxf1 Ra8 29.a3 Nf6 30.Qf5 Nd5
31.Rf1 Nxe3 32.Qf7+ Kh8 33.Bxe3 Bxe3+ 34.Kg2  1-0

[Event "FRA-chT"]
[Site "?"]
[Date "1989.??.??"]
[Round "?"]
[White "Chomet, Pascal"]
[Black "Denis, Laurent"]
[Result "1/2-1/2"]
[WhiteElo "2265"]
[BlackElo "2170"]

1.g3 e5 2.c4 Nc6 3.Bg2 g6 4.Nc3 Bg7 5.d3 f5 6.e3 Nf6 7.Nge2 O-O 8.O-O d6
9.b3 Ne7 10.Bb2 c6 11.Rc1 Kh8 12.Rc2 Be6 13.d4 Bg8 14.e4 Qc7 15.exf5 gxf5
16.c5 e4 17.Ba3 d5 18.Bc1 Ng6 19.Nf4 Nxf4 20.Bxf4 Qd7 21.Ne2 Bf7 22.Bd6 Rg8
23.Qd2 Ne8 24.Be5 Bxe5 25.dxe5 Ng7 26.Nd4 Rae8 27.f4 Bg6 28.Bh3 Ref8 29.Qe3 Ne6
30.b4  1/2-1/2

[Event "Geneve YM"]
[Site "Geneve"]
[Date "1989.??.??"]
[Round "?"]
[White "Ruf, Matthias"]
[Black "Bex, Pierre Alain"]
[Result "0-1"]
[WhiteElo "2330"]
[BlackElo "2245"]

1.g3 e5 2.c4 Nc6 3.Bg2 d6 4.Nc3 Be6 5.Nd5 g6 6.d3 Bg7 7.Rb1 Qd7 8.b4 Nd8
9.b5 c6 10.bxc6 bxc6 11.Nc3 h6 12.Ba3 Ne7 13.Nf3 O-O 14.O-O f5 15.Nd2 Nf7
16.Qb3 Rac8 17.Bb4 g5 18.Ba5 Nd8 19.f4 exf4 20.gxf4 Bd4+ 21.Kh1 Be3 22.Nd1 Bxf4
23.e3 Be5 24.d4 Bg7 25.d5 Bf7 26.Nc3 cxd5 27.cxd5 Ng6 28.Bb4 Nh4 29.Rbd1 Nxg2
30.Kxg2 Qb7 31.Ndb1 Qd7 32.Qa4 Qxa4 33.Nxa4 Nb7 34.Rxf5 Rc4 35.a3 a5 36.Nb6 Rg4+  0-1

[Event "BL2-W8889"]
[Site "Germany"]
[Date "1989.??.??"]
[Round "?"]
[White "Wiemer, Ralf"]
[Black "Mainka, Romuald"]
[Result "0-1"]
[WhiteElo "2300"]
[BlackElo "2410"]

1.c4 e5 2.g3 d6 3.Nc3 g6 4.d4 Nd7 5.Nf3 Bg7 6.Bg5 Ngf6 7.dxe5 dxe5 8.Qd2 h6
9.Bxf6 Qxf6 10.Bh3 Nb6 11.Bxc8 Rxc8 12.O-O-O O-O 13.Qc2 Qc6 14.b3 f5 15.Nd5 Rce8
16.e4 Nxd5 17.Rxd5 fxe4 18.Qxe4 b5 19.c5 Rxf3 20.Qxf3 e4 21.Qd1 Rf8 22.Rd2 Rf5
23.b4 Qf6 24.Qb3+ Kh7 25.Rhd1 Rf3 26.Qb1 Qc3+ 27.Qc2 Qa1+ 28.Qb1 Rc3+  0-1

[Event "NATO-ch"]
[Site "Germany"]
[Date "1989.??.??"]
[Round "?"]
[White "Hoidahl, Erik"]
[Black "Schlosser, Philipp"]
[Result "0-1"]
[WhiteElo "2205"]
[BlackElo "2420"]

1.c4 e5 2.g3 Nf6 3.Bg2 c6 4.d4 exd4 5.Qxd4 d5 6.Nf3 dxc4 7.Qxd8+ Kxd8 8.Ne5 Be6
9.Bd2 Nbd7 10.Ba5+ Kc8 11.Bc3 Nd5 12.Nf3 Nxc3 13.Nxc3 Bb4 14.Ng5 Bxc3+ 15.bxc3 Kc7
16.Nxe6+ fxe6 17.f4 Nc5 18.O-O-O Rad8 19.g4 b5 20.Rhf1 a5 21.f5 Rxd1+ 22.Kxd1 Rf8
23.fxe6 Rxf1+ 24.Bxf1 Nxe6 25.h4 Kd6 26.g5 Nc5 27.e3 Ke5 28.Kc2 Ne4 29.Bh3 c5
30.Bf1 Nd6 31.Kd2 b4 32.Kc2 Ke4 33.Bg2+  0-1

[Event "BL2-S8889"]
[Site "Germany"]
[Date "1989.??.??"]
[Round "?"]
[White "Leitner, Maximilian"]
[Black "Jell, Klaus"]
[Result "1/2-1/2"]
[WhiteElo "2245"]
[BlackElo "2240"]

1.c4 e5 2.g3 d6 3.Bg2 g6 4.Nc3 Bg7 5.e3 f5 6.Nge2 Nf6 7.d3 O-O 8.Rb1 a5 9.a3 Nc6
10.b4 axb4 11.axb4 Ne7 12.Nd5 c6 13.Nxe7+ Qxe7 14.b5 e4 15.bxc6 bxc6 16.Nd4 Ra6
17.Bb2 Nd7 18.dxe4 fxe4 19.O-O Kh8 20.Nb3 Nf6 21.Qc2 Bf5 22.Ra1 Rfa8 23.Rxa6 Rxa6
24.Nd2 d5 25.cxd5 cxd5 26.Qb3 Qd6 27.Bd4 Ra8 28.Rd1 Rc8 29.h3 h5 30.Ra1 Rb8
31.Qa2 Qd7 32.Kh2 Kh7 33.Rd1 Qf7 34.Rc1 Be6 35.Nb3 Ne8 36.Bxg7 Nxg7 37.Nd4 Rf8
38.Qa3 Rc8 39.Rxc8 Bxc8 40.Qa2 Be6 41.h4 Nf5 42.Nxf5 Bxf5 43.Kg1 Kg7 44.Qb2+ Kh7
45.Qb8 Bg4 46.Qe5 Qb7 47.Kh2 Qf7 48.Qf4 Qb7 49.Qf6 Qc7 50.Bf1 Qb7 51.Ba6 Qd7
52.Qb6 Kg7 53.Bb7 Qf7 54.Qb2+ Kh7 55.Bc6 Be6 56.Kg1 Qf3 57.Qb7+ Qf7 58.Kf1 Qxb7
59.Bxb7 g5 60.Bc6 gxh4 61.gxh4 Kg7  1/2-1/2

[Event "BL2-S8889"]
[Site "Germany"]
[Date "1989.??.??"]
[Round "?"]
[White "Mandl, Robert"]
[Black "Seyffer, Bernd"]
[Result "1-0"]
[WhiteElo "2280"]
[BlackElo "2220"]

1.c4 e5 2.g3 Nf6 3.Bg2 c6 4.d4 exd4 5.Qxd4 d5 6.Nf3 Be7 7.cxd5 Qxd5 8.Nc3 Qxd4
9.Nxd4 O-O 10.O-O Nbd7 11.Rd1 Nb6 12.b3 Rd8 13.Bb2 a5 14.a4 Bg4 15.h3 Bd7
16.e4 Rac8 17.e5 Nfd5 18.Ne4 f6 19.e6 Be8 20.Rac1 Bh5 21.g4 Bg6 22.Nc5 Rc7
23.Nxb7 Rxb7 24.Nxc6 Re8 25.Nxe7+ Rexe7 26.Ba3 Rxe6 27.Rxd5 Be4 28.Rxa5 Nd7
29.Re1 Rxb3 30.Bxe4 Rxe4 31.Rxe4 Rxa3 32.Re7 Nf8 33.Ra8  1-0

[Event "Gleisdorf"]
[Site "Gleisdorf"]
[Date "1989.??.??"]
[Round "10"]
[White "Fabisch, Christian"]
[Black "Wilfling, Hermann"]
[Result "1-0"]
[WhiteElo "2200"]
[BlackElo "2200"]

1.g3 e5 2.c4 Nf6 3.Bg2 Nc6 4.Nc3 Be7 5.Nf3 O-O 6.O-O d5 7.cxd5 Nxd5 8.d4 exd4
9.Nxd4 Nxc3 10.bxc3 Ne5 11.Bf4 Ng6 12.Be3 c6 13.Qb3 Qc7 14.Rab1 Bd6 15.Rfc1 Ne7
16.Rb2 Rb8 17.c4 Be5 18.Rd2 b6 19.Nf3 Ng6 20.Nxe5 Nxe5 21.Bf4 Re8 22.Qc3 f6
23.c5 Bf5 24.Rd6 bxc5 25.Rxc6 Qd7 26.Rxc5 Rb5 27.Rc7 Qd8 28.Rxa7  1-0

[Event "EU-chT"]
[Site "Haifa"]
[Date "1989.??.??"]
[Round "2"]
[White "Miralles, Gilles"]
[Black "Hodgson, Julian M"]
[Result "1/2-1/2"]
[WhiteElo "2445"]
[BlackElo "2535"]

1.c4 e5 2.g3 f5 3.Bg2 Nf6 4.Nc3 Bb4 5.Qb3 Na6 6.a3 Be7 7.Qc2 d6 8.b4 O-O
9.d3 c6 10.Rb1 Nc7 11.Nf3 Qe8 12.O-O Ne6 13.c5 Qh5 14.b5 Kh8 15.bxc6 bxc6
16.cxd6 Bxd6 17.Qa4 Bd7 18.Qc4 Ng4 19.h3 Nf6 20.d4 exd4 21.Nxd4 Rae8 22.Nxe6 Bxe6
23.Qxc6 Be5 24.Rb4 f4 25.Bxf4 Bd7 26.Qc5 Bxf4 27.Qxh5 Nxh5 28.gxf4 Nxf4 29.Rd1 Bc8
30.e3 Nxh3+ 31.Bxh3 Bxh3 32.Rb7 Bg4 33.Rd4 Bf3 34.Rxa7 Rc8 35.Nd5 Rc1+ 36.Kh2 Rh1+
37.Kg3 Rg1+ 38.Kh3 Rh1+ 39.Kg3 Rg1+ 40.Kh3 Rh1+  1/2-1/2

[Event "EU-chT"]
[Site "Haifa"]
[Date "1989.??.??"]
[Round "3"]
[White "Suba, Mihai"]
[Black "Jasnikowski, Zbigniew"]
[Result "1/2-1/2"]
[WhiteElo "2500"]
[BlackElo "2435"]

1.c4 e5 2.g3 Nc6 3.Nc3 g6 4.e3 Bg7 5.Nge2 f5 6.d4 d6 7.dxe5 dxe5 8.Qxd8+ Kxd8
9.e4 Be6 10.exf5 gxf5 11.Bg5+ Bf6 12.O-O-O+ Ke7 13.Be3 Bxc4 14.Nf4 Bxf1 15.Nfd5+ Kf7
16.Rhxf1 Rc8 17.f4 e4 18.g4 Nge7 19.Nxf6 Kxf6 20.Bf2 Rhd8 21.Rde1 Nb4 22.Bh4+ Kf7
23.Kb1 Nbd5 24.gxf5 Nxc3+ 25.bxc3 Rd2 26.Bxe7 Kxe7 27.Rxe4+ Kf6 28.Re5 Rg8
29.Rb5 b6 30.Re1 c5 31.Rb2 Rgg2 32.Rxd2 Rxd2 33.Re6+ Kxf5 34.Re7 Rxh2 35.Rxa7 Kxf4
36.Rb7 Ke3 37.Rxb6 Kd3 38.a4 c4 39.a5 Rh5 40.Kb2 Rxa5 41.Rd6+ Ke3 42.Rc6 Ra4
43.Rc7 h5 44.Rc5 Ra7 45.Rxh5 Rb7+ 46.Kc2 Ke4 47.Rc5 Rb6 48.Rxc4+ Kd5 49.Rc8 Rc6
50.Rb8 Kc4 51.Rb4+ Kc5 52.Kb3 Rh6 53.Rc4+ Kb5 54.Rg4 Rh5 55.Rg8 Rh4 56.c4+ Kc6
57.Kb4 Rh5 58.Rc8+ Kb7 59.Rc5 Rxc5 60.Kxc5 Kc7 61.Kd5 Kd7 62.c5 Kc7 63.c6 Kc8
64.Kd6 Kd8 65.c7+ Kc8 66.Kc6  1/2-1/2

[Event "EU-chT"]
[Site "Haifa"]
[Date "1989.??.??"]
[Round "6"]
[White "Eingorn, Vereslav S"]
[Black "Barlov, Dragan"]
[Result "1-0"]
[WhiteElo "2560"]
[BlackElo "2520"]

1.c4 e5 2.g3 g6 3.Bg2 Bg7 4.Nc3 Ne7 5.d3 d6 6.h4 h5 7.Bg5 f6 8.Bd2 c6 9.e4 Be6
10.Nge2 Qd7 11.O-O Na6 12.Be3 Nc7 13.Rc1 c5 14.Nd5 Ncxd5 15.cxd5 Bh3 16.Bxh3 Qxh3
17.Qa4+ Qd7 18.Qxd7+ Kxd7 19.Rc2 b6 20.Kg2 Rhf8 21.Bd2 Rac8 22.Ng1 Rc7 23.Rfc1 Rfc8
24.b3 Ng8 25.Nh3 Ne7 26.f4 Rb7 27.fxe5 dxe5 28.Ng1 Rcc7 29.Nf3 Nc8 30.a4 Nd6
31.Be3 Rc8 32.Nd2 Rf8 33.Rb2 a5 34.Rf1 Rbb8 35.Nc4 Ke7 36.Rbf2 Rb7 37.Kh3 Rbb8
38.Bd2 Nf7 39.Be3 Rfe8 40.Kg2 Rb7 41.Rg1 Rh8 42.Rgf1 Rf8 43.Kh3 Nd6 44.Rg2 f5
45.Rgf2 Rbb8 46.Kg2 fxe4 47.Bg5+ Kd7 48.Nxd6 Kxd6 49.dxe4 Rxf2+ 50.Rxf2 Rb7
51.Bf6 Bh6 52.Bh8 Rh7 53.Bf6 Rb7 54.Rf3 b5 55.axb5 Rxb5 56.Bh8 Rb8 57.Rf6+ Kd7
58.Rf7+ Kd6 59.Bf6 Re8 60.Ra7 Bd2 61.Kf3 Be1 62.Bg5 a4 63.Rxa4 Kc7 64.Ra7+ Kb6
65.Rf7 Ra8 66.Ke2 Bb4 67.Kd3 Kb5 68.d6 c4+ 69.bxc4+ Kc6 70.d7 Ba5 71.Rg7 Bc7
72.d8=Q Bxd8 73.Rxg6+ Kc5 74.Be3+ Kb4 75.c5 Ra3+ 76.Ke2 Ra2+ 77.Kf3 Ra3 78.Re6  1-0

[Event "Haninge"]
[Site "Haninge"]
[Date "1989.??.??"]
[Round "?"]
[White "Ftacnik, Lubomir"]
[Black "Arnason, Jon L"]
[Result "1/2-1/2"]
[WhiteElo "2550"]
[BlackElo "2550"]

1.c4 e5 2.g3 Nf6 3.Bg2 d5 4.cxd5 Nxd5 5.Nc3 Nb6 6.Nf3 Nc6 7.O-O Be7 8.a3 O-O
9.b4 Be6 10.Rb1 f6 11.d3 Nd5 12.Bb2 Nxc3 13.Bxc3 Qd7 14.b5 Nd8 15.a4 a6 16.Nd2 axb5
17.axb5 Bd5 18.Bxd5+ Qxd5 19.Nc4 Ne6 20.Ne3 Qd7 21.Qb3 Bc5 22.Ra1  1/2-1/2

[Event "Karvina op"]
[Site "Karvina"]
[Date "1989.??.??"]
[Round "8"]
[White "Papacek, Stepan"]
[Black "Hadraba, Vladimir"]
[Result "1/2-1/2"]
[WhiteElo "2320"]
[BlackElo "2255"]

1.c4 e5 2.g3 g6 3.Bg2 Bg7 4.Nc3 d6 5.d3 Nc6 6.Rb1 a5 7.a3 Be6 8.b4 axb4 9.axb4 Qc8
10.Bd2 Nce7  1/2-1/2

[Event "Kecskemet"]
[Site "Kecskemet"]
[Date "1989.??.??"]
[Round "?"]
[White "Raicevic, Momcilo"]
[Black "Enders, Peter"]
[Result "0-1"]
[WhiteElo "2375"]
[BlackElo "2455"]

1.c4 e5 2.g3 Nc6 3.Bg2 g6 4.Nc3 Bg7 5.e3 Nge7 6.Nge2 O-O 7.d4 exd4 8.exd4 Nf5
9.d5 Ncd4 10.Nxd4 Bxd4 11.O-O Bxc3 12.bxc3 d6 13.g4 Ng7 14.Qd4 Qh4 15.h3 b6
16.Be3 f5 17.f3 Bd7 18.Qd2 Qf6 19.Bd4 Qf7 20.Rfe1 Rae8 21.Rxe8 Rxe8 22.Re1 c5
23.Bf2 Rxe1+ 24.Bxe1 f4 25.Bh4 h6 26.Bf1 g5 27.Bf2 Ne8 28.Bd3 Nf6 29.h4 Qe7
30.Qc2 Kg7 31.h5 Nxg4 32.fxg4 Bxg4 33.Qa4 Bxh5 34.Bb1 Bg6 35.Bxg6 Kxg6 36.Qc2+ Kf6
37.Qd3 h5 38.Qd1 Qe8 39.Qd3 Qd7 40.Qe4 h4 41.Kh2 Qe7 42.Qf3 Qe5 43.Qh5 Kg7
44.Kg1 Qf6 45.Qe8 Kh6 46.Qd7 Qg6 47.Qd8 Qb1+ 48.Kh2 Kh5 49.Qd7 Qc2 50.Qf7+ Kg4
51.Qe6+ Kf3 52.Qh3+ Ke4 53.Kg2 Qe2 54.Kg1 Qd1+ 55.Kg2 Qe2 56.Kg1 Qd1+ 57.Kg2 g4
58.Qxh4 Qf3+ 59.Kg1 Kd3 60.Qh7+ Kxc4 61.Qxa7 Qd1+ 62.Kh2 Qc2 63.Qa6+ b5 64.Kg1 g3  0-1

[Event "Kecskemet"]
[Site "Kecskemet"]
[Date "1989.??.??"]
[Round "?"]
[White "Raicevic, Momcilo"]
[Black "Tunik, Gennady"]
[Result "1-0"]
[WhiteElo "2375"]
[BlackElo "2470"]

1.c4 e5 2.g3 g6 3.Bg2 Bg7 4.Nc3 Ne7 5.e3 O-O 6.Nge2 f5 7.d4 e4 8.f3 exf3
9.Bxf3 d6 10.O-O Nbc6 11.Rb1 Kh8 12.Nf4 Ng8 13.b4 a6 14.a4 Nf6 15.b5 axb5
16.axb5 Ne7 17.d5 Ng4 18.Nce2 g5 19.Ne6 Bxe6 20.dxe6 Ne5 21.Bxb7 Rb8 22.Bg2 Nxc4
23.Qc2 d5 24.Rd1 Qd6 25.Nc3 Nb6 26.Qb3 Rfd8 27.Ba3 Qxe6 28.e4 fxe4 29.Nxe4 Qe5
30.Nf2 Nf5 31.Bb2 d4 32.Re1 Qf6 33.Re6 Qf8 34.Ne4 Ne3 35.Nxg5 Nbc4 36.Rxe3 dxe3
37.Qxc4 Qf2+ 38.Kh1 Bxb2 39.Nf7+ Kg7 40.Nxd8 e2 41.Qxc7+ Kh6 42.Nf7+ Kh5
43.Qe7 Rxb5 44.g4+ Kxg4 45.Qe4+  1-0

[Event "Las Palmas op"]
[Site "Las Palmas"]
[Date "1989.??.??"]
[Round "?"]
[White "Lima, Darcy"]
[Black "Miralles, Gilles"]
[Result "1-0"]
[WhiteElo "2385"]
[BlackElo "2400"]

1.c4 e5 2.g3 Nf6 3.Bg2 d5 4.cxd5 Nxd5 5.Nc3 Nb6 6.Nf3 Nc6 7.O-O Be7 8.a3 O-O
9.b4 Be6 10.Rb1 f6 11.d3 a5 12.b5 Nd4 13.Nd2 Rb8 14.e3 Nf5 15.Nb3 a4 16.Na5 Nd6
17.Bd2 Qd7 18.Nxa4 Nxa4 19.Qxa4 Ra8 20.Qd1 Nxb5 21.a4 Nd6 22.Nxb7 Nxb7 23.Rxb7 Rfc8
24.Bb4 Bd8 25.a5 Bd5 26.Bxd5+ Qxd5 27.Qa4 Be7 28.Rb5 c5 29.Rd1 Qc6 30.Bc3 c4
31.d4 exd4 32.Rxd4 Qe6 33.Rd1 Rd8 34.Rdb1 h5 35.h4 Rac8 36.Qc2 Rd3 37.Rb8 Rxb8
38.Rxb8+ Kf7 39.Rb1 Bc5 40.Be1 Qe4 41.Rc1 c3 42.Qb3+ Ke7 43.Rxc3 Rxc3 44.Bxc3 g5
45.a6  1-0

[Event "Leningrad-chT"]
[Site "Leningrad"]
[Date "1989.??.??"]
[Round "?"]
[White "Khasin, Alexander"]
[Black "Aseev, Konstantin N"]
[Result "0-1"]
[WhiteElo "2445"]
[BlackElo "2485"]

1.c4 e5 2.g3 Nf6 3.Bg2 d5 4.cxd5 Nxd5 5.Nc3 Nb6 6.Nf3 Nc6 7.O-O Be7 8.a3 O-O
9.b4 Re8 10.Bb2 Nc4 11.Qc1 Bf8 12.d3 Nxb2 13.Qxb2 Nd4 14.Nxd4 Qxd4 15.Qc2 c6
16.b5 Bd7 17.bxc6 bxc6 18.Ne4 Rab8 19.Rfb1 a5 20.e3 Qa7 21.Rxb8 Rxb8 22.Qc3 a4
23.Qxe5 Rb3 24.d4 Rxa3 25.Rxa3 Bxa3 26.Bf1 Be6 27.Ng5 Bd5 28.e4 Bb3 29.d5 cxd5
30.exd5 Qe7 31.Qb8+ Qf8 32.Qb7 h6 33.Ne4 Qd8 34.Bg2 Bf8 35.h4 Bd1 36.Nc3 Bc2
37.Nb5 a3 38.Qa7 Qe7 39.Qa6 Qe1+ 40.Kh2 Qxf2 41.Nxa3 Be4  0-1

[Event "Lugano op"]
[Site "Lugano"]
[Date "1989.??.??"]
[Round "2"]
[White "Heyken, Enno"]
[Black "Marinelli, Tullio"]
[Result "0-1"]
[WhiteElo "2450"]
[BlackElo "2260"]

1.c4 e5 2.g3 Nf6 3.Bg2 d5 4.cxd5 Nxd5 5.Nc3 Nb6 6.Nf3 Nc6 7.a3 a5 8.d3 Be7
9.O-O O-O 10.Na4 Nd5 11.Qc2 Bg4 12.Qc4 Qd7 13.Nc5 Bxc5 14.Qxc5 Rad8 15.Be3 Bh3
16.Rac1 Bxg2 17.Kxg2 Rfe8 18.Rc4 Re6 19.b4 axb4 20.axb4 Nce7 21.Re4 f6 22.b5 Ra8
23.Rb1 c6 24.b6 Nxe3+ 25.fxe3 Qd5 26.Qc2 Nf5 27.Kf2 Ra2 28.Rb2 Rxb2 29.Qxb2 c5
30.Ra4 Qc6 31.e4 Qxa4 32.exf5 Rd6 33.g4 e4 34.dxe4 Qxe4 35.g5 fxg5 36.Qa2+ Qd5
37.Qa4 Qxf5 38.Qa8+ Qf8 39.Qxb7 g4  0-1

[Event "Lugano op"]
[Site "Lugano"]
[Date "1989.??.??"]
[Round "7"]
[White "Pantaleoni, Claudio"]
[Black "Keller, Rudolf"]
[Result "1-0"]
[WhiteElo "2245"]
[BlackElo "2315"]

1.c4 e5 2.g3 Nc6 3.Bg2 g6 4.Nc3 Bg7 5.e4 d6 6.Nge2 Nge7 7.d3 Be6 8.Rb1 Qd7
9.Nd5 h6 10.b4 Nd8 11.Nxe7 Qxe7 12.Be3 O-O 13.Qd2 Kh7 14.O-O f5 15.Rbc1 c6
16.d4 Nf7 17.d5 cxd5 18.exd5 Bd7 19.f4 Rfe8 20.Rfe1 e4 21.Nd4 Rec8 22.Bf1 h5
23.c5 h4 24.Red1 hxg3 25.hxg3 Nh6 26.Be2 Ng4 27.Bxg4 fxg4 28.c6 Bf5 29.Nb5 b6
30.Bd4 Rh8 31.Kf2 Kg8 32.Rh1 Re8 33.Rxh8+ Bxh8 34.Ke3 g5 35.Rh1 gxf4+ 36.gxf4 Be5
37.fxe5 dxe5 38.Ke2 exd4 39.Qxd4 g3 40.Rh8+ Kf7 41.Rxe8 Kxe8 42.Qh8+ Kf7
43.Qh5+ Bg6 44.Qg4 Qxb4 45.Qd7+ Kg8 46.c7  1-0

[Event "Lugano op"]
[Site "Lugano"]
[Date "1989.??.??"]
[Round "8"]
[White "Pantaleoni, Claudio"]
[Black "Paust, Wolf Dieter"]
[Result "1-0"]
[WhiteElo "2245"]
[BlackElo "2220"]

1.c4 e5 2.g3 Nf6 3.Bg2 Nc6 4.Nc3 Be7 5.Nf3 O-O 6.d4 exd4 7.Nxd4 Ne5 8.b3 Bb4
9.Bd2 Re8 10.O-O c6 11.Nc2 Bc5 12.Bg5 d5 13.cxd5 Qa5 14.b4 Bxb4 15.Nxb4 Qxb4
16.Bxf6 Qxc3 17.Rc1 Qa5 18.Bxe5 Rxe5 19.dxc6 bxc6 20.Bxc6 Rb8 21.Qd6 Rb2
22.Bb5 Qxb5 23.Qxe5 Bh3 24.Qxb5 Rxb5 25.Rb1  1-0

[Event "Lugano op"]
[Site "Lugano"]
[Date "1989.??.??"]
[Round "8"]
[White "Reschke, Stefan"]
[Black "Huebener, J."]
[Result "1-0"]
[WhiteElo "2330"]
[BlackElo "2210"]

1.c4 e5 2.g3 d6 3.Bg2 c6 4.Nc3 Be6 5.d3 g6 6.Nf3 Bg7 7.O-O h6 8.Rb1 Ne7 9.b4 O-O
10.b5 d5 11.cxd5 cxd5 12.d4 e4 13.Ne1 Nd7 14.Na4 Rc8 15.e3 Re8 16.Qb3 Bg4
17.f3 exf3 18.Bxf3 Bf5 19.Ra1 Nf6 20.Nc3 h5 21.Bd2 Qd7 22.Rc1 Qe6 23.Ng2 g5
24.Qd1 Bg4 25.Bxg4 Nxg4 26.Qf3 Rc4 27.Nxd5 Nxd5 28.Rxc4 Ndxe3 29.Nxe3 Nxe3
30.Qxe3 Qxe3+ 31.Bxe3 Rxe3 32.Rd1 Re4 33.Kf1 Kh7 34.Rc7 Kg6 35.d5 Bd4 36.Rc4  1-0

[Event "Mendrisio op"]
[Site "Mendrisio"]
[Date "1989.??.??"]
[Round "4"]
[White "Csom, Istvan"]
[Black "Laketic, Gojko"]
[Result "1/2-1/2"]
[WhiteElo "2530"]
[BlackElo "2405"]

1.c4 e5 2.g3 Nf6 3.Bg2 d6 4.Nc3 g6 5.Nf3 Bg7 6.d4 Nbd7 7.O-O O-O 8.b3 Re8
9.h3 exd4 10.Nxd4 Nc5 11.Bb2 Nfe4 12.Nxe4 Nxe4 13.Qc2 Qe7 14.Rad1 a6 15.Nf3 Bxb2
16.Qxb2 Bd7 17.Nd2 Bc6 18.Nxe4 Bxe4 19.e3 Bxg2 20.Kxg2 Qe4+ 21.Kh2 Re5 22.Rd4 Qf5
23.Qe2 Rae8 24.Rfd1 h5 25.R1d2 Re4 26.Kg2 Rxd4 27.Rxd4 Qe5 28.Qf3 c6 29.Qd1 Re6
30.h4 Rf6 31.Qd3 Re6 32.Qd2 Kg7 33.Qd3 Kf8 34.b4 Kg7 35.a4 Qf6 36.b5 axb5
37.axb5 Qe5 38.Qb1 Rf6 39.Qd3 Re6 40.Qb1 Rf6 41.Qc2 Qc5 42.Qb2 Qe5 43.Qb1 Re6
44.Kg1 Rf6 45.Kg2 Re6 46.Qd3 Kg8 47.Qb1  1/2-1/2